000 00352nam a2200157Ia 4500
003 RNL
008 090707b ii f a fnsan d
040 _aRCL
100 _aRavinder Singh
_929572
245 _aBastiwad ate ilaqaie wakhrewen
260 _aChandigarh
260 _bLokgeet Parkashan
260 _c2005
300 _a168p.
942 _cBK
999 _c21161
_d21161